[Event "Kavala GRE, 20th Open"]
[Site "Kavala GRE"]
[Date "2011.07.31"]
[Round "2"]
[White "Kanmazalp, O."]
[Black "Sandipan, C."]
[Result "1-0"]
[WhiteElo "2412"]
[BlackElo "2656"]
[PlyCount "80"]
[EventDate "2011.07.30"]
[EventRounds "9"]
[EventCountry "GRE"]

1. e4 c5 2. Nf3 d6 3. d4 cxd4 4. Nxd4 Nf6 5. Nc3 e6 6. g4 h6 7. h4 Nc6 8. Rg1
h5 9. gxh5 Nxh5 10. Bg5 Nf6 11. Qd2 Qb6 12. Nb3 a6 13. O-O-O Qc7 14. Rg3 Nh5
15. Rg1 b5 16. Bg2 b4 17. Nd5 exd5 18. exd5 Ne7 19. Qxb4 a5 20. Qa3 f6 21. Bd2
Bg4 22. Rde1 Kf7 23. Nd4 Rc8 24. Nc6 Bd7 25. Bxa5 Qb7 26. Nd8+ Rxd8 27. Bxd8
Nf5 28. Be4 g6 29. Kb1 Nxh4 30. Qd3 Nf4 31. Qg3 Bg7 32. Qxf4 Rxd8 33. Qxh4 f5
34. b3 fxe4 35. Qxd8 Bf5 36. Qxd6 Qa7 37. Qb4 Qxf2 38. Rgf1 Qg3 39. Qxe4 Bf6
40. Qe8+ Kg7 1-0

[Event "Kavala GRE, 20th Open"]
[Site "Kavala GRE"]
[Date "2011.07.31"]
[Round "2"]
[White "Kaplan, S."]
[Black "Pappelis, D."]
[Result "1-0"]
[WhiteElo "2436"]
[BlackElo "2025"]
[PlyCount "51"]
[EventDate "2011.07.30"]
[EventRounds "9"]
[EventCountry "GRE"]

1. e4 c5 2. Nf3 Nc6 3. Bb5 Nf6 4. Bxc6 dxc6 5. d3 g6 6. h3 Bg7 7. Nc3 O-O 8.
Be3 Nd7 9. Qd2 e5 10. Bh6 Qe7 11. O-O-O a5 12. h4 f6 13. Bxg7 Kxg7 14. g4 h6
15. Kb1 a4 16. Ne2 Nb6 17. Rhg1 Be6 18. Ng3 Kh7 19. Nf5 gxf5 20. gxf5 Bxf5 21.
exf5 Rg8 22. Ng5+ hxg5 23. hxg5 Kg7 24. gxf6+ Kxf6 25. Qh6+ Kf7 26. Qh7+ 1-0

[Event "Kavala GRE, 20th Open"]
[Site "Kavala GRE"]
[Date "2011.07.31"]
[Round "2"]
[White "Konstantelias, K."]
[Black "Atalik, E."]
[Result "0-1"]
[WhiteElo "2077"]
[BlackElo "2436"]
[PlyCount "60"]
[EventDate "2011.07.30"]
[EventRounds "9"]
[EventCountry "GRE"]

1. e4 e5 2. Nf3 Nc6 3. Bb5 Nf6 4. d3 d6 5. h3 a6 6. Ba4 b5 7. Bb3 Na5 8. Nbd2
Nxb3 9. axb3 g6 10. Nf1 Bg7 11. Ng3 Bb7 12. Nh2 d5 13. Ng4 h5 14. Nxf6+ Qxf6
15. Qe2 Qe7 16. f3 h4 17. Nf1 f5 18. Ne3 d4 19. Nf1 c5 20. Bd2 Rc8 21. Kf2 Qf7
22. Nh2 c4 23. bxc4 bxc4 24. Rhc1 O-O 25. Kg1 Rc7 26. Bg5 Rfc8 27. Qd2 Bf6 28.
Nf1 c3 29. bxc3 dxc3 30. Qe3 f4 0-1

[Event "Kavala GRE, 20th Open"]
[Site "Kavala GRE"]
[Date "2011.07.31"]
[Round "2"]
[White "Kourousis, E."]
[Black "Mamedov, N."]
[Result "0-1"]
[WhiteElo "2273"]
[BlackElo "2575"]
[PlyCount "46"]
[EventDate "2011.07.30"]
[EventRounds "9"]
[EventCountry "GRE"]

1. Nf3 g6 2. c4 Bg7 3. Nc3 d6 4. g3 Nf6 5. Bg2 O-O 6. O-O Nc6 7. Rb1 a5 8. a3
e5 9. b4 axb4 10. axb4 e4 11. Ne1 Bf5 12. Nc2 Qd7 13. Ne3 Bh3 14. Nxe4 Nxe4 15.
Bxe4 Bxf1 16. Kxf1 Ra7 17. Bb2 Bxb2 18. Rxb2 Nd4 19. Nd5 f5 20. Bg2 c6 21. Nf4
g5 22. Nh3 f4 23. e3 Qg4 0-1

[Event "Kavala GRE, 20th Open"]
[Site "Kavala GRE"]
[Date "2011.07.31"]
[Round "2"]
[White "Malikentzos, S."]
[Black "Nikolov, Momchil"]
[Result "0-1"]
[WhiteElo "2314"]
[BlackElo "2589"]
[PlyCount "92"]
[EventDate "2011.07.30"]
[EventRounds "9"]
[EventCountry "GRE"]

1. d4 Nf6 2. c4 e6 3. g3 c5 4. d5 exd5 5. cxd5 d6 6. Nc3 g6 7. Nf3 Bg7 8. Bg2
O-O 9. O-O a6 10. a4 Re8 11. Bf4 Nh5 12. Bg5 Qc7 13. Re1 Nd7 14. e4 Rb8 15. Rc1
Ne5 16. Nxe5 Bxe5 17. Be3 Bg7 18. b4 cxb4 19. Nb5 Qd8 20. Nc7 Re7 21. Ba7 Bd7
22. Bxb8 Qxb8 23. Qb3 a5 24. Nb5 Bxb5 25. axb5 Bd4 26. Qc4 Qa7 27. Qc8+ Kg7 28.
Re2 Qb6 29. Qc4 Nf6 30. Rd1 Bc3 31. Bf1 a4 32. Kg2 Rc7 33. Qd3 b3 34. f4 a3 35.
e5 a2 36. exf6+ Kxf6 37. g4 b2 38. Qh3 Kg7 39. g5 h5 40. gxh6+ Kh7 41. Re7 b1=Q
42. Bd3 Qb2+ 43. Re2 a1=Q 44. f5 Qxd1 45. fxg6+ fxg6 46. Bxg6+ Kh8 0-1

[Event "Kavala GRE, 20th Open"]
[Site "Kavala GRE"]
[Date "2011.07.31"]
[Round "2"]
[White "Margvelashvili, G."]
[Black "Shanmugam, R."]
[Result "1-0"]
[WhiteElo "2525"]
[BlackElo "2291"]
[PlyCount "77"]
[EventDate "2011.07.30"]
[EventRounds "9"]
[EventCountry "GRE"]

1. c4 c6 2. Nf3 d5 3. e3 e6 4. Nc3 Nd7 5. b3 Ngf6 6. Qc2 e5 7. cxd5 Nxd5 8. Bb2
Nxc3 9. Bxc3 Bd6 10. d4 Qe7 11. Bd3 Bb4 12. Bf5 exd4 13. Nxd4 Ne5 14. O-O Bxc3
15. Qxc3 Bxf5 16. Nxf5 Qf6 17. e4 O-O 18. f4 Ng4 19. Qxf6 Nxf6 20. Nd6 Rab8 21.
Rad1 h6 22. Rd4 Rfd8 23. Rfd1 Rd7 24. e5 Nd5 25. Nc4 Rbd8 26. R1d2 Kf8 27. Kf2
Ke7 28. Kf3 g6 29. g4 Ke6 30. a3 f6 31. exf6 Kxf6 32. b4 Re7 33. Re2 Rxe2 34.
Kxe2 Re8+ 35. Kf2 Re7 36. Nd6 Nxf4 37. Rxf4+ Ke5 38. Nc8 Re8 39. Re4+ 1-0

[Event "Kavala GRE, 20th Open"]
[Site "Kavala GRE"]
[Date "2011.07.31"]
[Round "2"]
[White "Marjanovic, S."]
[Black "Dounis, A."]
[Result "1-0"]
[WhiteElo "2469"]
[BlackElo "2248"]
[PlyCount "65"]
[EventDate "2011.07.30"]
[EventRounds "9"]
[EventCountry "GRE"]

1. e4 e5 2. Nf3 Nc6 3. Bb5 Nge7 4. O-O g6 5. c3 a6 6. Ba4 Bg7 7. d4 exd4 8.
cxd4 b5 9. Bb3 O-O 10. Nc3 Na5 11. d5 d6 12. Bc2 Nc4 13. Rb1 h6 14. Nd4 c5 15.
dxc6 Qb6 16. Nde2 Qxc6 17. Bf4 Bb7 18. Bd3 Rfd8 19. b3 Ne5 20. Rc1 Qd7 21. Qd2
Rac8 22. Bb1 g5 23. Be3 d5 24. exd5 Nxd5 25. Nxd5 Bxd5 26. Rxc8 Qxc8 27. Rd1
Qg4 28. Ng3 Bf6 29. Qc2 Ng6 30. h3 Qe6 31. Nh5 Be5 32. Qf5 Rc8 33. Rxd5 1-0

[Event "Kavala GRE, 20th Open"]
[Site "Kavala GRE"]
[Date "2011.07.31"]
[Round "2"]
[White "Mastrovasilis, A."]
[Black "Argiroudis, S."]
[Result "1/2-1/2"]
[WhiteElo "2537"]
[BlackElo "2308"]
[PlyCount "108"]
[EventDate "2011.07.30"]
[EventRounds "9"]
[EventCountry "GRE"]

1. c4 g6 2. Nc3 Bg7 3. Nf3 d6 4. g3 c5 5. Bg2 Nc6 6. a3 a5 7. O-O e5 8. d3 Nge7
9. Bg5 O-O 10. Bxe7 Nxe7 11. Nd2 Bd7 12. Rb1 Bc6 13. b4 axb4 14. axb4 cxb4 15.
Rxb4 h5 16. Nd5 Nf5 17. e3 Ra3 18. Nb1 Ra1 19. Qe2 Qa5 20. Nbc3 Re8 21. Rxa1
Qxa1+ 22. Rb1 Qa5 23. Nb4 Ne7 24. h4 Qc7 25. Nbd5 Qa5 26. Nxe7+ Rxe7 27. Nd5
Re8 28. Nb4 Rc8 29. Qa2 Qd8 30. Qa7 Qe8 31. Qb6 Bxg2 32. Kxg2 e4 33. d4 Rxc4
34. Qxb7 Qe6 35. Nd5 Rc2 36. Nf4 Qa2 37. Rf1 Bh6 38. Qb8+ Bf8 39. Qb7 Bh6 40.
Qxe4 Bxf4 41. Qxf4 Qd5+ 42. Qf3 Qc4 43. Rb1 Kg7 44. Ra1 Rc3 45. d5 Rd3 46. Rd1
f5 47. Kh2 Qb3 48. Rc1 Qxd5 49. Rc7+ Kg8 50. Kg2 Qe4 51. Qxe4 fxe4 52. Rd7 Rd1
53. Ra7 d5 54. Rd7 Kf8 1/2-1/2

[Event "Kavala GRE, 20th Open"]
[Site "Kavala GRE"]
[Date "2011.07.31"]
[Round "2"]
[White "Mastrovasilis, D."]
[Black "Charkhalashvili, I."]
[Result "1-0"]
[WhiteElo "2604"]
[BlackElo "2355"]
[PlyCount "75"]
[EventDate "2011.07.30"]
[EventRounds "9"]
[EventCountry "GRE"]

1. e4 c6 2. Nc3 d5 3. Nf3 Bg4 4. h3 Bxf3 5. Qxf3 e6 6. d3 Nf6 7. Bd2 Nbd7 8. g4
h6 9. h4 dxe4 10. dxe4 Qb6 11. O-O-O O-O-O 12. Bh3 Ne5 13. Qe2 Rd4 14. Be3 Nc4
15. Na4 Rxd1+ 16. Rxd1 Qb4 17. b3 Nxe3 18. Qxe3 Nxe4 19. Rd4 Qa3+ 20. Kb1 Nd6
21. Rf4 Be7 22. Qxa7 Kc7 23. Qb6+ Kb8 24. Rb4 Rd8 25. Nc5 Bf6 26. c3 Qa7 27.
Qxc6 Bxc3 28. Na6+ Ka8 29. Nc7+ Kb8 30. Na6+ Ka8 31. Qxc3 Qxf2 32. Nc7+ Kb8 33.
Na6+ Ka8 34. Nc7+ Kb8 35. Ra4 Qg1+ 36. Kb2 Qf2+ 37. Ka3 b5 38. Na6+ 1-0

[Event "Kavala GRE, 20th Open"]
[Site "Kavala GRE"]
[Date "2011.07.31"]
[Round "2"]
[White "Nikolaou, G."]
[Black "Kosic, D."]
[Result "1/2-1/2"]
[WhiteElo "2248"]
[BlackElo "2483"]
[PlyCount "84"]
[EventDate "2011.07.30"]
[EventRounds "9"]
[EventCountry "GRE"]

1. Nf3 Nf6 2. g3 b5 3. Bg2 Bb7 4. O-O e6 5. d3 d5 6. Nbd2 Nbd7 7. c4 bxc4 8.
dxc4 Bd6 9. cxd5 exd5 10. e4 O-O 11. exd5 Bxd5 12. Nd4 Bxg2 13. Kxg2 Ne5 14.
N2f3 Qd7 15. Qc2 Nxf3 16. Nxf3 Rfe8 17. Bg5 Ne4 18. Rad1 Qb5 19. Be3 a5 20. Rd4
Qb7 21. Rc4 Rab8 22. b3 Re6 23. Rc1 Rbe8 24. Ra4 c5 25. Rxa5 Rf6 26. Qd1 g5 27.
Kg1 Bc7 28. Raxc5 Nxc5 29. Rxc5 h6 30. Nd4 Bb6 31. Rc4 Rd8 32. h4 gxh4 33. Qg4+
Rg6 34. Qxh4 Qd5 35. Qf4 Qh5 36. Kg2 Re8 37. Nf5 Bxe3 38. Nxe3 Qa5 39. Rc7 Rf8
40. Nf5 Kh7 41. Ne3 Kg8 42. Nf5 Kh7 1/2-1/2

[Event "Kavala GRE, 20th Open"]
[Site "Kavala GRE"]
[Date "2011.07.31"]
[Round "2"]
[White "Przezdziecka, M."]
[Black "Maiorov, N."]
[Result "0-1"]
[WhiteElo "2249"]
[BlackElo "2535"]
[PlyCount "142"]
[EventDate "2011.07.30"]
[EventRounds "9"]
[EventCountry "GRE"]

1. d4 Nf6 2. Nf3 g6 3. c4 Bg7 4. Nc3 O-O 5. e4 d6 6. Be2 Nbd7 7. O-O e5 8. Re1
Re8 9. d5 Nc5 10. Qc2 a5 11. Bg5 h6 12. Be3 Ng4 13. Bxc5 dxc5 14. h3 Nf6 15.
Rad1 Ra6 16. Nh2 h5 17. Rd3 Rf8 18. Nf3 Ne8 19. Rdd1 Nd6 20. Bd3 Re8 21. Qd2
Qe7 22. Qe3 b6 23. Nb5 a4 24. Nxd6 cxd6 25. Bc2 Bd7 26. Qg5 Qxg5 27. Nxg5 b5
28. cxb5 Bxb5 29. Nf3 Bh6 30. Nd2 Rb8 31. g3 c4 32. Nf1 Bd7 33. Ne3 Rxb2 34.
Rb1 Rxa2 35. Rb8+ Kg7 36. Bb1 Ra3 37. Nxc4 Rc3 38. Ba2 Kf6 39. Kg2 a3 40. Reb1
Rc2 41. Bb3 Rc1 42. Rxc1 Bxc1 43. Ba2 Ba4 44. f3 Bh6 45. Kf2 Ke7 46. Ke2 f5 47.
h4 Bc2 48. Rb7+ Kf6 49. Rd7 Bf8 50. Kd2 Ba4 51. Rb7 Bh6+ 52. Ke2 fxe4 53. fxe4
Bc2 54. Kf3 Bd3 55. Nb6 g5 56. Nd7+ Kg6 57. hxg5 Kxg5 58. Rb8 Kg6 59. Rb6 Rxb6
60. Nxb6 Bd2 61. Nc4 Bb4 62. Ne3 Bc5 63. Nf5 Kg5 64. Ng7 Kg6 65. Nf5 Bc2 66.
Ne7+ Kg5 67. Nf5 Bd1+ 68. Kg2 Be2 69. Ne7 Kg4 70. Ng8 Bf3+ 71. Kh2 Kg5 0-1

[Event "Kavala GRE, 20th Open"]
[Site "Kavala GRE"]
[Date "2011.07.31"]
[Round "2"]
[White "Raeva, E."]
[Black "Zubarev, A."]
[Result "0-1"]
[WhiteElo "2324"]
[BlackElo "2597"]
[PlyCount "120"]
[EventDate "2011.07.30"]
[EventRounds "9"]
[EventCountry "GRE"]

1. c4 c5 2. Nc3 g6 3. g3 Bg7 4. Bg2 Nc6 5. d3 Nf6 6. e4 O-O 7. Nge2 Ne8 8. Be3
Nd4 9. Rb1 d6 10. Nf4 a6 11. O-O Rb8 12. b4 Bd7 13. Nce2 b5 14. Nxd4 cxd4 15.
Bd2 Nc7 16. Qe2 Na8 17. Rfc1 Rc8 18. Qe1 e6 19. c5 dxc5 20. bxc5 Bc6 21. Ba5
Qd7 22. Qb4 Bh6 23. Qb3 Bxf4 24. gxf4 Nc7 25. Qd1 Ne8 26. Qg4 f5 27. Qh4 Nf6
28. Re1 fxe4 29. dxe4 Nh5 30. Bd2 Qf7 31. Bh3 Rce8 32. Rb4 Rd8 33. a4 Kh8 34.
axb5 axb5 35. f5 e5 36. Bg5 Rde8 37. Bg4 Nf4 38. Bxf4 exf4 39. f3 gxf5 40. Bxf5
Qg7+ 41. Kf1 Rg8 42. Qf2 Re5 43. Rxd4 Rxc5 44. Red1 b4 45. Rd8 Bb5+ 46. Ke1
Qc3+ 47. Qd2 Rxd8 48. Qxc3+ bxc3 49. Rxd8+ Kg7 50. Rc8 Rxc8 51. Bxc8 Kf6 52.
Kd1 Ke5 53. Kc1 Kd4 54. Bf5 h6 55. Bg4 Be8 56. Kc2 h5 57. Be6 Ba4+ 58. Bb3
Bxb3+ 59. Kxb3 Kd3 60. e5 c2 0-1

[Event "Kavala GRE, 20th Open"]
[Site "Kavala GRE"]
[Date "2011.07.31"]
[Round "2"]
[White "Socko, B."]
[Black "Pavlidis, A."]
[Result "1/2-1/2"]
[WhiteElo "2631"]
[BlackElo "2420"]
[PlyCount "77"]
[EventDate "2011.07.30"]
[EventRounds "9"]
[EventCountry "GRE"]

1. d4 Nf6 2. c4 g6 3. Nc3 Bg7 4. e4 d6 5. f3 O-O 6. Be3 c5 7. dxc5 dxc5 8. Qxd8
Rxd8 9. Bxc5 Nc6 10. Nge2 Nd7 11. Bf2 Nde5 12. Nf4 b6 13. Nfd5 Bb7 14. Bh4 h6
15. O-O-O g5 16. Bg3 e6 17. Ne3 Ba6 18. Nb5 Bxb5 19. cxb5 Nb4 20. Kb1 Rxd1+ 21.
Nxd1 Rd8 22. Nc3 Rd2 23. Be1 Rd8 24. a3 Nbd3 25. Bxd3 Nxd3 26. Bg3 Rc8 27. Rd1
Nxb2 28. Kxb2 Rxc3 29. e5 Rc7 30. Kb3 Kh7 31. h3 Kg6 32. Bh2 h5 33. a4 h4 34.
f4 gxf4 35. Bxf4 Kf5 36. Bh2 Bh6 37. g3 hxg3 38. Bxg3 Ke4 39. Rf1 1/2-1/2

[Event "Kavala GRE, 20th Open"]
[Site "Kavala GRE"]
[Date "2011.07.31"]
[Round "2"]
[White "Socko, M."]
[Black "Kostopoulos, E."]
[Result "1-0"]
[WhiteElo "2490"]
[BlackElo "2262"]
[PlyCount "73"]
[EventDate "2011.07.30"]
[EventRounds "9"]
[EventCountry "GRE"]

1. e4 c5 2. Nf3 d6 3. d4 cxd4 4. Nxd4 Nf6 5. Nc3 a6 6. Be3 e5 7. Nb3 Be6 8. Qd2
Nbd7 9. O-O-O b5 10. f4 Rc8 11. f5 Bc4 12. Kb1 Qc7 13. Bd3 b4 14. Nd5 Nxd5 15.
exd5 Bxd5 16. Bxa6 Bb7 17. Bxb7 Qxb7 18. g4 Be7 19. g5 Qe4 20. Rhf1 O-O 21. f6
Bd8 22. Rfe1 Qc6 23. Qxd6 Nb6 24. Qxc6 Rxc6 25. Bc5 Re8 26. Rxe5 Rce6 27. Rxe6
fxe6 28. Rxd8 Rxd8 29. Bxb6 Rd1+ 30. Nc1 gxf6 31. gxf6 Kf7 32. Bc5 Kxf6 33.
Bxb4 e5 34. a4 Rd4 35. Nd3 Kf5 36. Bc3 Rxa4 37. Bxe5 1-0

[Event "Kavala GRE, 20th Open"]
[Site "Kavala GRE"]
[Date "2011.07.31"]
[Round "2"]
[White "Soumya, S."]
[Black "Bartel, M."]
[Result "0-1"]
[WhiteElo "2338"]
[BlackElo "2611"]
[PlyCount "74"]
[EventDate "2011.07.30"]
[EventRounds "9"]
[EventCountry "GRE"]

1. e4 c6 2. d4 d5 3. Nc3 dxe4 4. Nxe4 Bf5 5. Ng3 Bg6 6. h4 h6 7. Nf3 Nf6 8. h5
Bh7 9. Bd3 Bxd3 10. Qxd3 e6 11. Ne4 Nxe4 12. Qxe4 Nd7 13. Bd2 Nf6 14. Qe2 b5
15. Ne5 Qd5 16. O-O Bd6 17. Rfe1 O-O 18. c3 Rad8 19. Bf4 c5 20. Rad1 c4 21. Bc1
Qb7 22. g4 Nd5 23. f4 b4 24. Qf3 bxc3 25. bxc3 Bxe5 26. Rxe5 Qa6 27. Rd2 Rb8
28. Kh2 Rb1 29. Rc2 Ra1 30. Ree2 Qd6 31. Rf2 Rb8 32. Qe2 Rbb1 33. Qd2 Nf6 34.
Re2 Nxg4+ 35. Kh3 Nf6 36. Re5 Qc6 37. d5 exd5 0-1

[Event "Kavala GRE, 20th Open"]
[Site "Kavala GRE"]
[Date "2011.07.31"]
[Round "2"]
[White "Svetushkin, D."]
[Black "Hadzimanolis, A."]
[Result "1-0"]
[WhiteElo "2576"]
[BlackElo "2322"]
[PlyCount "71"]
[EventDate "2011.07.30"]
[EventRounds "9"]
[EventCountry "GRE"]

1. e4 e5 2. Nf3 Nc6 3. Bc4 Nf6 4. d3 Be7 5. O-O O-O 6. Re1 d6 7. a4 Kh8 8. a5
Rb8 9. c3 Be6 10. Nbd2 b5 11. Bxe6 fxe6 12. d4 b4 13. Nf1 bxc3 14. bxc3 Rb5 15.
c4 Rb4 16. d5 Nd4 17. Nxd4 exd4 18. Qxd4 Ng4 19. Ra2 Bf6 20. Qd2 Rxc4 21. Qe2
Ne5 22. f4 exd5 23. exd5 Rxc1 24. Rxc1 Ng6 25. Qc4 Qd7 26. Re2 Qg4 27. Re4 Nh4
28. Ng3 Qg6 29. Rce1 Bd8 30. f5 Qf6 31. Re8 Kg8 32. Qc6 Qf7 33. Rxf8+ Kxf8 34.
Qa8 Qf6 35. Qxa7 Qc3 36. Qe3 1-0

[Event "Kavala GRE, 20th Open"]
[Site "Kavala GRE"]
[Date "2011.07.31"]
[Round "2"]
[White "Vafiadis, K."]
[Black "Gopal, G."]
[Result "0-1"]
[WhiteElo "2301"]
[BlackElo "2576"]
[PlyCount "40"]
[EventDate "2011.07.30"]
[EventRounds "9"]
[EventCountry "GRE"]

1. d4 Nf6 2. Nf3 g6 3. c4 Bg7 4. Nc3 d5 5. Bg5 Ne4 6. Bf4 c6 7. e3 Qa5 8. Bd3
Nxc3 9. Qd2 dxc4 10. Bxc4 b5 11. Bd3 b4 12. bxc3 bxc3 13. Qc2 Ba6 14. O-O O-O
15. Rfc1 Bxd3 16. Qxd3 c5 17. Be5 Bxe5 18. Nxe5 cxd4 19. Qxd4 Rd8 20. Qxc3 Rd1+
0-1

[Event "Kavala GRE, 20th Open"]
[Site "Kavala GRE"]
[Date "2011.07.31"]
[Round "2"]
[White "Vuilleumier, A."]
[Black "Gupta, A."]
[Result "0-1"]
[WhiteElo "2374"]
[BlackElo "2627"]
[PlyCount "110"]
[EventDate "2011.07.30"]
[EventRounds "9"]
[EventCountry "GRE"]

1. e4 c5 2. Nf3 d6 3. d4 cxd4 4. Nxd4 Nf6 5. Nc3 Nc6 6. Bg5 e6 7. Qd2 a6 8.
O-O-O Bd7 9. f4 b5 10. Bxf6 gxf6 11. Kb1 Qb6 12. Nce2 Rc8 13. g3 Na5 14. b3 Nc6
15. Bg2 Nxd4 16. Nxd4 Be7 17. Rhf1 Bc6 18. Rf3 a5 19. c3 O-O 20. Bh3 b4 21. c4
a4 22. f5 e5 23. Nc2 axb3 24. axb3 Ra8 25. Kb2 Qa7 26. Ra1 Qb7 27. Rff1 Ra6 28.
Bg2 Bxe4 29. Bxe4 Qxe4 30. Nxb4 Rxa1 31. Kxa1 Rb8 32. Re1 Qa8+ 33. Qa2 Qf3 34.
Nd5 Rxb3 35. Qc2 Bd8 36. Ka2 Ra3+ 37. Kb2 Bb6 38. Nxb6 Ra6 39. Na4 Rxa4 40.
Qxa4 Qf2+ 41. Kb3 Qxe1 42. Qd7 Qd2 43. g4 Kg7 44. h4 h6 45. Qe7 Qd4 46. g5 hxg5
47. hxg5 Qd3+ 48. Kb4 Qd2+ 49. Kb5 fxg5 50. Kc6 Qf4 51. Kxd6 Qd4+ 52. Kc7 Qxc4+
53. Kd8 Qd3+ 54. Ke8 Qb5+ 55. Kd8 Qb8+ 0-1

[Event "Kavala GRE, 20th Open"]
[Site "Kavala GRE"]
[Date "2011.07.31"]
[Round "2"]
[White "Zarkua, D."]
[Black "Charpidou, A."]
[Result "1-0"]
[WhiteElo "2433"]
[BlackElo "1749"]
[PlyCount "55"]
[EventDate "2011.07.30"]
[EventRounds "9"]
[EventCountry "GRE"]

1. Nf3 Nf6 2. g3 b6 3. Bg2 Bb7 4. c4 e6 5. O-O Be7 6. d4 O-O 7. Nc3 Na6 8. Re1
c5 9. d5 exd5 10. Nh4 Ne4 11. Nxd5 Bxh4 12. Bxe4 Rb8 13. gxh4 Qxh4 14. Bg2 Rfe8
15. Bf4 d6 16. e4 Bxd5 17. Bg3 Qf6 18. cxd5 c4 19. Qa4 Nc5 20. Qxc4 h5 21. b4
h4 22. bxc5 hxg3 23. hxg3 bxc5 24. Rab1 g5 25. Qa6 Rb2 26. Rxb2 Qxb2 27. Qxd6
c4 28. Qc6 1-0

[Event "Kavala GRE, 20th Open"]
[Site "Kavala GRE"]
[Date "2011.07.31"]
[Round "2"]
[White "Zysk, R."]
[Black "Filippas, S."]
[Result "1/2-1/2"]
[WhiteElo "2437"]
[BlackElo "2246"]
[PlyCount "81"]
[EventDate "2011.07.30"]
[EventRounds "9"]
[EventCountry "GRE"]

1. Nf3 Nf6 2. c4 g6 3. g3 Bg7 4. Bg2 O-O 5. O-O c6 6. Qc2 d5 7. b3 Bf5 8. d3
Qd7 9. Re1 Bh3 10. Bh1 Qf5 11. Bb2 Nbd7 12. Nbd2 Qh5 13. e4 dxe4 14. Nxe4 Nxe4
15. Rxe4 e5 16. Rae1 f6 17. c5 g5 18. R4e3 Rfe8 19. d4 exd4 20. Bxd4 Rxe3 21.
Rxe3 Re8 22. b4 Rxe3 23. Bxe3 Qf7 24. Nd2 Ne5 25. Bd4 Qe7 26. Be4 Ng6 27. Be3
Qe5 28. Nc4 Qa1+ 29. Qb1 Qxb1+ 30. Bxb1 Bf8 31. a4 Be6 32. Na5 Bc8 33. Be4 Ne5
34. b5 cxb5 35. axb5 Bxc5 36. Bxc5 b6 37. Be7 Kf7 38. Bb4 bxa5 39. Bxa5 Bd7 40.
b6 axb6 41. Bxb6 1/2-1/2

[Event "Kavala GRE, 20th Open"]
[Site "Kavala GRE"]
[Date "2011.07.31"]
[Round "3"]
[White "Aftsoglou, I."]
[Black "Vuilleumier, A."]
[Result "1-0"]
[WhiteElo "2186"]
[BlackElo "2374"]
[PlyCount "73"]
[EventDate "2011.07.30"]
[EventRounds "9"]
[EventCountry "GRE"]

1. Nf3 c5 2. d3 d5 3. Nbd2 Nc6 4. e4 Nf6 5. c3 e5 6. Be2 Bd6 7. O-O O-O 8. Re1
Re8 9. Qc2 Bf8 10. Nf1 h6 11. Ng3 g6 12. Bd2 Be6 13. a3 Rc8 14. h3 b5 15. Nh2
c4 16. exd5 Bxd5 17. Rad1 Qb6 18. Ne4 Bxe4 19. dxe4 Bc5 20. Rf1 h5 21. Bg5 Nh7
22. Bc1 Rcd8 23. Bf3 Nf8 24. g3 Ne6 25. Kg2 Na5 26. Rd5 Rxd5 27. exd5 Ng7 28.
g4 Nb3 29. Bh6 Qf6 30. Be4 Bd6 31. Nf3 Qd8 32. Bxg6 fxg6 33. Qxg6 Bf8 34. Ng5
Qxd5+ 35. Kg1 Qd3 36. Qf7+ Kh8 37. Bxg7+ 1-0

[Event "Kavala GRE, 20th Open"]
[Site "Kavala GRE"]
[Date "2011.07.31"]
[Round "3"]
[White "Argiroudis, S."]
[Black "Socko, B."]
[Result "0-1"]
[WhiteElo "2308"]
[BlackElo "2631"]
[PlyCount "120"]
[EventDate "2011.07.30"]
[EventRounds "9"]
[EventCountry "GRE"]

1. Nf3 Nf6 2. c4 e6 3. g3 d5 4. b3 d4 5. Bg2 c5 6. O-O Nc6 7. e3 Be7 8. exd4
cxd4 9. d3 O-O 10. a3 a5 11. Re1 Nd7 12. Nbd2 Nc5 13. Ne4 Na6 14. Qc2 e5 15.
Ned2 Qc7 16. Bb2 Bf5 17. Rac1 Nc5 18. Bf1 Ra6 19. Ne4 Bxe4 20. dxe4 Rb6 21. Rb1
Nxb3 22. Nd2 a4 23. Nxb3 Rxb3 24. Bc1 Na5 25. Bd2 Bxa3 26. c5 Ra8 27. Bxa5 Qxa5
28. Bc4 Rb2 29. Qd1 Rxb1 30. Qxb1 Bxc5 31. Rc1 b6 32. Qa2 Rf8 33. Kg2 a3 34. h4
Qb4 35. Qe2 h6 36. Rc2 Qa4 37. Qd3 Qd7 38. Bd5 Kh8 39. Qb3 f5 40. Be6 Qc6 41.
Bd5 Qf6 42. exf5 Qxf5 43. f3 Rd8 44. Be4 Qd7 45. Bd3 Qd5 46. Bc4 Qd6 47. Qd3
Bb4 48. Ba2 Bc3 49. Re2 Re8 50. h5 g6 51. hxg6 Kg7 52. Re4 Rf8 53. Qc4 Bb2 54.
Qd3 h5 55. Qd2 Qc5 56. Qe2 Rc8 57. Kh3 Qc1 58. Kh4 Kh6 59. Be6 Rc2 60. g7 Qg5+
0-1

[Event "Kavala GRE, 20th Open"]
[Site "Kavala GRE"]
[Date "2011.07.31"]
[Round "3"]
[White "Ashwin, J."]
[Black "Cherednichenko	, S."]
[Result "1-0"]
[WhiteElo "2449"]
[BlackElo "2283"]
[PlyCount "37"]
[EventDate "2011.07.30"]
[EventRounds "9"]
[EventCountry "GRE"]

1. d4 f5 2. Bg5 g6 3. Nc3 Bg7 4. h4 h6 5. Bf4 Nf6 6. Qd3 d6 7. e4 Nc6 8. d5 Ne5
9. Bxe5 dxe5 10. Qg3 Ng4 11. Bb5+ Bd7 12. exf5 gxf5 13. f3 c6 14. dxc6 bxc6 15.
fxg4 cxb5 16. gxf5 O-O 17. O-O-O Rxf5 18. Qd3 b4 19. Ne4 1-0

[Event "Kavala GRE, 20th Open"]
[Site "Kavala GRE"]
[Date "2011.07.31"]
[Round "3"]
[White "Atalik, E."]
[Black "Burmakin, V."]
[Result "1-0"]
[WhiteElo "2436"]
[BlackElo "2579"]
[PlyCount "83"]
[EventDate "2011.07.30"]
[EventRounds "9"]
[EventCountry "GRE"]

1. d4 d5 2. c4 c6 3. Nc3 Nf6 4. Nf3 a6 5. a4 e6 6. Bg5 Nbd7 7. cxd5 exd5 8. e3
a5 9. Bd3 Be7 10. Qc2 h6 11. Bh4 O-O 12. O-O Re8 13. Bg3 Nf8 14. h3 Bd6 15. Ne5
Qe7 16. Rae1 Ne4 17. Bf4 f6 18. Nc4 Bxf4 19. exf4 Be6 20. Nxe4 dxc4 21. Bxc4
Bxc4 22. Qxc4+ Kh8 23. Re3 Qc7 24. Rfe1 Red8 25. f5 Qd7 26. Nc5 Qxd4 27. Qxd4
Rxd4 28. Re8 Rdd8 29. Rxd8 Rxd8 30. Nxb7 Rd5 31. Rc1 Rxf5 32. Rxc6 Rd5 33. Ra6
Rd1+ 34. Kh2 Rd2 35. Rb6 Nd7 36. Rb5 Rxf2 37. Nxa5 Ne5 38. Nb7 h5 39. a5 h4 40.
Rb3 Rf4 41. a6 Nc6 42. Na5 1-0

[Event "Kavala GRE, 20th Open"]
[Site "Kavala GRE"]
[Date "2011.07.31"]
[Round "3"]
[White "Bartel, M."]
[Black "Socko, M."]
[Result "1/2-1/2"]
[WhiteElo "2611"]
[BlackElo "2490"]
[PlyCount "140"]
[EventDate "2011.07.30"]
[EventRounds "9"]
[EventCountry "GRE"]

1. c4 Nf6 2. Nc3 g6 3. e4 d6 4. d4 Bg7 5. f3 O-O 6. Be3 c5 7. dxc5 dxc5 8. Qxd8
Rxd8 9. Bxc5 Nc6 10. Nge2 Nd7 11. Be3 Nde5 12. Nf4 Nb4 13. Rc1 Be6 14. b3 a5
15. Kf2 a4 16. Nxa4 Nxa2 17. Rc2 Nb4 18. Rd2 Rxd2+ 19. Bxd2 Nbc6 20. Nxe6 fxe6
21. Be2 Nd4 22. Bd1 b5 23. cxb5 Nxb5 24. f4 Rd8 25. Ba5 Rf8 26. Ke3 Nc6 27. Bb6
Bh6 28. g3 e5 29. Rf1 exf4+ 30. gxf4 e5 31. Kd3 Nd6 32. Bg4 exf4 33. Be6+ Kh8
34. Bc5 Rd8 35. Bd5 Ne5+ 36. Kd4 Ng4 37. Bb6 Re8 38. Bc6 Rc8 39. Bd7 Ne3 40.
Rf2 Bg7+ 41. Kd3 Rc1 42. Rxf4 Ng2 43. Rf2 Ne1+ 44. Ke2 Nc2 45. e5 Ne4 46. Rf7
Bxe5 47. Re7 Re1+ 48. Kd3 Nb4+ 49. Kc4 Nd2+ 50. Kb5 Nd3 51. Ba5 Re2 52. Bg4 Rg2
53. Bd1 Ne4 54. Kc4 Nef2 55. Be2 Bf6 56. Re8+ Kg7 57. Bc7 Rg1 58. Bd6 Rc1+ 59.
Kd5 Re1 60. Bg3 Rb1 61. Nc5 Nxc5 62. Kxc5 Nd1 63. Bc4 Nc3 64. Be1 Rb2 65. Re3
Rc2 66. h4 Nd1 67. Re2 Rxe2 68. Bxe2 Ne3 69. b4 Ng2 70. Bd2 Nxh4 1/2-1/2